000 00405nam a2200157Ia 4500
008 230917s9999||||xx |||||||||||||| ||und||
020 _cRS125
040 _e12464
_aMAIN
041 _aEnglish
082 _a301.446 B223S
100 _aDeshbandhu, ed
245 0 _aSocial forestry and tribal development
260 _aNew Delhi
_bIndian envrionmental society
_c1986
300 _aix,162 p.
942 _cBK
999 _c53132
_d53132